00640nam a2200169 a 4500008004100000020001500041050001600056100001800072245006600090260002800156350000900184650001300193650001900206995009600225999001700321952013200338120416s1998 ||||||||||||||||| || u a033368348X aHD 62.5 Bri aBridge, Simon10aUnderstanding enterprise, entrepreneurship and small business aLondonbMacmillanc1998 a0.00 0aBUSINESS 0aSMALL BUSINESS D0.00FCBU-MAIN LIBRARY (Kitwe)H1I10.95M1UAVAILABLEZMain Library Open Access Collection c60685d60685 00102lcc4070a001b001cMain Library Open Access Collectiond2022-11-30l0oHD 62.5 Brip027089r2022-11-30w2022-11-30y002